000 00301nam a22001337a 4500
008 180312b xxu||||| |||| 00| 0 eng d
020 _a9780072369397
041 _aeng
080 _a91
100 _a52
101 _aGEO
245 _aSELECTION INTRODUCTION GEOGRAPHY
_cGETIS.A
942 _2udc
_cBK
999 _c44780
_d44780